01482nam a2200385 i 450000100060000000300080000600500170001400600190003100700150005000800410006502000180010603500220012404000310014605000210017708000140019808200140021210000560022624501070028226400490038926400110043830000250044933600310047433700330050533800430053849000440058150400390062558800830066459001620074765000170090965500270092679700180095383000450097185600630101699900170107927934FINmELB20241216220023.0m o d | cr cnu||||||||240401s2019 sp ob 000 0 spa d z9788490976296 a(OCoLC)1430998971 aFINmELBbspaerdacFINmELB 4aGF41b.C693 2019 a551.7"63"04a304.22231 aCózar Escalante, José Manuel de,d1962-eautor.13aEl antropoceno :btecnología, naturaleza y condición humana /cJosé Manuel de Cózar Escalante. 1aMadrid :bLos Libros de la Catarata,c[2019] 4c©2019 a1 recurso en línea atextobtxt2rdacontent/spa acomputadorabc2rdamedia/spa arecurso en líneabcr2rdacarrier/spa1 aSerie Ensayos ciencia y sociedad ;v244 aBibliografía: páginas 247-254. aDescripción basada en metadatos suministrados por el editor y otras fuentes. aRecurso electrónico. Santa Fe, Arg.: elibro, 2024. Disponible vía World Wide Web. El acceso puede estar limitado para las bibliotecas afiliadas a elibro. 4aAntropoceno. 4aLibros electrónicos.2 aelibro, Corp. 0aSerie Ensayos ciencia y sociedad ;v244.40uhttps://elibro.net/ereader/politecnicointernacional/252532 c27934d27934